Spôsoby stanovenia základných úrokových sadzieb vybraných centrálnych bánk

Pojem základná úroková sadzba je všeobecne známy, pre rôzne centrálne banky je však táto sadzba stanovovaná rôznymi spôsobmi. História stanovenia základnej úrokovej sadzby. Spôsob stanovenia základných úrokových sadzieb v hlavných centrálnych bankách - Európskej, Americkej, Japonskej, Anglickej, Kan...

Descripción completa

Guardado en:
Detalles Bibliográficos
Autor principal: Kmeťko, Miroslav, 1969-
Otros Autores: Badura, Peter, 1978-
Formato: Capítulo de libro
Lenguaje:eslovaco
Materias:
Etiquetas: Agregar Etiqueta
Sin Etiquetas, Sea el primero en etiquetar este registro!

MARC

LEADER 00000naa$a2200000$$$4500
001 0210152
005 20240502073510.5
041 0 |a slo 
044 |a SK 
245 1 0 |a Spôsoby stanovenia základných úrokových sadzieb vybraných centrálnych bánk  |c Miroslav Kmeťko, Peter Badura 
520 |a Pojem základná úroková sadzba je všeobecne známy, pre rôzne centrálne banky je však táto sadzba stanovovaná rôznymi spôsobmi. História stanovenia základnej úrokovej sadzby. Spôsob stanovenia základných úrokových sadzieb v hlavných centrálnych bankách - Európskej, Americkej, Japonskej, Anglickej, Kanadskej Čínskej, Švajčiarskej, Austrálskej, Novo-Zélandskej, Ruskej centrálnej banke. Aktuálna výška základných úrokových sadzieb. 
610 2 0 |a banky centrálne 
610 2 0 |a sadzby úrokové 
610 2 0 |a svet 
100 1 |a Kmeťko, Miroslav, 1969- 
700 1 |a Badura, Peter, 1978-